00304pab a2200121 454500008004000000100001600040245006800056260000900124300001300133362000800146650001100154773001700165180718b2003 xxu||||| |||| 00| 0 eng d aSingh, M.P. aWorld policing through `interpol, in the era of interdependence c2003 ap.32-35. aApr aPolice aCBI Bulletin